THEORY AND DESIGN OF IRRIGATION STRUCTURES (VOL-II) (Record no. 5524)

MARC details
000 -LEADER
fixed length control field 00491nam a22001577a 4500
005 - DATE AND TIME OF LATEST TRANSACTION
control field 20170811111209.0
008 - FIXED-LENGTH DATA ELEMENTS--GENERAL INFORMATION
fixed length control field 170811b xxu||||| |||| 00| 0 eng d
020 ## - INTERNATIONAL STANDARD BOOK NUMBER
ISBN 978-81-85240-75-6
041 ## - LANGUAGE CODE
Language code of text/sound track or separate title eng
100 ## - MAIN ENTRY--AUTHOR NAME
Personal name VERSHNEY, R.S., GUPTA, S.C. AND GUPTA, R.L.
245 ## - TITLE STATEMENT
Title THEORY AND DESIGN OF IRRIGATION STRUCTURES (VOL-II)
Statement of responsibility, etc R.S. VERSHNEY, S.C. GUPTA AND R.L. GUPTA
250 ## - EDITION STATEMENT
Edition statement 7th ed.2007
260 ## - PUBLICATION, DISTRIBUTION, ETC. (IMPRINT)
Place of publication (U.A)
Name of publisher NEM CHAND AND BROS ROORKEE
Year of publication 2007
300 ## - PHYSICAL DESCRIPTION
Number of Pages 784p,
942 ## - ADDED ENTRY ELEMENTS (KOHA)
Koha item type Books
Holdings
Lost status Damaged status Home library Current library Shelving location Date acquired Source of acquisition Cost, normal purchase price Full call number Accession Number Koha item type
    JRU Library   SHELF-61-C 11/08/2017 PURCHESS 325.00 631.7 21839 Books
    JRU Library   SHELF-43-D 11/08/2017 PURCHESS 325.00 631.7 21840 Books